IX Jornadas de la Juventud del Club Conservador (Record no. 66556)

MARC details
000 -LEADER
campo de control de longitud fija 00876nam a2200253 i 4500
001 - NÚMERO DE CONTROL
campo de control 66556
003 - IDENTIFICADOR DE NÚMERO DE CONTROL
campo de control ES-MaACL
005 - FECHA Y HORA DE LA ÚLTIMA TRANSACCIÓN
campo de control 20250803014908.0
007 - CAMPO FIJO DE DESCRIPCIÓN FÍSICA--INFORMACIÓN GENERAL
campo de control de longitud fija t|
008 - DATOS DE LONGITUD FIJA--INFORMACIÓN GENERAL
campo de control de longitud fija 941004s1993 sp |||| | spa d
020 ## - NÚMERO INTERNACIONAL ESTÁNDAR DEL LIBRO
Número Internacional Estándar del Libro 84-604-8633-8
080 ## - NÚMERO DE LA CLASIFICACIÓN DECIMAL UNIVERSAL
Número de la Clasificación Decimal Universal 330.82(063)
111 2# - ENTRADA PRINCIPAL--NOMBRE DE CONGRESO/REUNIÓN
Nombre de congreso/reunión o jurisdicción como elemento de entrada Jornadas de la Juventud (
Número del congreso/reunión o número de parte o sección 9ª.
Fecha del congreso o de la firma del tratado 1993.
Sede del congreso/Lugar de la reunión El Escorial)
9 (RLIN) 806
245 10 - MENCIÓN DEL TÍTULO
Título IX Jornadas de la Juventud del Club Conservador
Resto del título : [El Escorial, 30 y 31 de octubre y 1 de noviembre de 1993].
260 ## - PUBLICACIÓN, DISTRIBUCIÓN, ETC.
Lugar de publicación, distribución, etc. Madrid :
Nombre del editor, distribuidor, etc. Fundación Independiente,
Fecha de publicación, distribución, etc. [1993]
300 ## - DESCRIPCIÓN FÍSICA
Extensión 71 p. ;
Dimensiones 22 cm.
490 1# - MENCIÓN DE SERIE
Mención de serie Cuadernos de sociedad ;
Designación de volumen o secuencia 3
650 14 - PUNTO DE ACCESO ADICIONAL DE MATERIA--TÉRMINO DE MATERIA
Término de materia o nombre geográfico como elemento de entrada Liberalismo económico-
Subdivisión de forma Congresos y asambleas.
9 (RLIN) 14398
710 2# - ENTRADA AGREGADA--NOMBRE DE ENTIDAD CORPORATIVA
Nombre de entidad corporativa o nombre de jurisdicción como elemento de entrada Club Conservador.
9 (RLIN) 2854
710 2# - ENTRADA AGREGADA--NOMBRE DE ENTIDAD CORPORATIVA
Nombre de entidad corporativa o nombre de jurisdicción como elemento de entrada Fundación Independiente (Madrid)
9 (RLIN) 4325
830 0# - PUNTO DE ACCESO ADICIONAL DE SERIE-TÍTULO UNIFORME
Título uniforme Cuadernos de sociedad ;
Designación de volumen o secuencia 3
9 (RLIN) 179224
852 ## - LOCALIZACIÓN
Ubicación ES-MaACL
Número de control de estantería L-27074
Holdings
Estatus retirado Estado de pérdida Estado de daño No para préstamo Biblioteca de origen Biblioteca actual Ubicación en estantería Fecha de adquisición Fuente de adquisición Total de préstamos Signatura topográfica completa Código de barras Visto por última vez Precio de reemplazo Tipo de ítem Koha
        Biblioteca del Ateneo de Madrid Biblioteca del Ateneo de Madrid Depósito 2 17/01/2008     L-27074 1069718 23/02/2023 23/02/2023 Libro impreso